[Event "Test Tournament"]
[Site "Emanuel Lasker Arena"]
[Date "2024.04.09"]
[Round "2"]
[White "Fuerteventura"]
[Black "MikhailBerg"]
[Result "0-1"]
[WhiteElo "1620"]
[BlackElo "2094"]
[Annotator "RC"]
[PlyCount "50"]
[EventDate "2024.04.09"]
[EventType "swiss (blitz)"]
[TimeControl "60"]

1. e4 {[%emt 0:00:01]} e5 {[%emt 0:00:01]} 2. Nf3 {[%emt 0:00:01]} Nc6 {[%emt 0:00:01]} 3. Bb5 {[%emt 0:00:01]} a6 {[%emt 0:00:01]} 4. Ba4 {[%emt 0:00:02]} Nf6 {[%emt 0:00:01]} 5. O-O {[%emt 0:00:01]} Nxe4 {[%emt 0:00:01]} 6. d4 {[%emt 0:00:01]} b5 {[%emt 0:00:01]} 7. Bb3 {[%emt 0:00:01]} d5 {[%emt 0:00:01]} 8. dxe5 {[%emt 0:00:01]} Be6 {[%emt 0:00:01]} 9. Nbd2 {[%emt 0:00:01]} Nc5 {[%emt 0:00:01]} 10. c3 {[%emt 0:00:02]} d4 {[%emt 0:00:01]} 11. cxd4 {[%emt 0:00:01]} Nxd4 {[%emt 0:00:01]} 12. Nxd4 {[%emt 0:00:01]} Qxd4 {[%emt 0:00:01]} 13. Bxe6 {[%emt 0:00:01]} Nxe6 {[%emt 0:00:01]} 14. Qf3 {[%emt 0:00:01]} Rd8 {[%emt 0:00:01]} 15. Qc6+ {[%emt 0:00:01]} Rd7 {[%emt 0:00:01]} 16. Qxa6 {[%emt 0:00:01]} Qxe5 {[%emt 0:00:02]} 17. Nf3 {[%emt 0:00:02]} Qd5 {[%emt 0:00:04]} 18. Re1 {[%emt 0:00:03]} Bc5 {[%emt 0:00:04]} 19. Ne5 {[%emt 0:00:05]} Qd1 {[%emt 0:00:03]} 20. Bg5 {[%emt 0:00:03]} Bxf2+ {[%emt 0:00:01]} 21. Kxf2 {[%emt 0:00:01]} Rd2+ {[%emt 0:00:03]} 22. Bxd2 {[%emt 0:00:01]} Qxd2+ {[%emt 0:00:01]} 23. Re2 {[%emt 0:00:02]} Qf4+ {[%emt 0:00:04]} 24. Kg1 {[%emt 0:00:02]} O-O {[%emt 0:00:03]} 25. Qxb5 {[%emt 0:00:01]} Nd4 {[%emt 0:00:02] Time (Lag: Av=0.09s, max=0.9s) .} 0-1

[Event "Test Tournament"]
[Site "Emanuel Lasker Arena"]
[Date "2024.04.09"]
[Round "2"]
[White "Karpovs Shadow"]
[Black "Bauernklopper"]
[Result "1-0"]
[WhiteElo "1620"]
[BlackElo "1620"]
[Annotator "NA RC"]
[PlyCount "83"]
[EventDate "2024.04.09"]
[EventType "swiss (blitz)"]

1. Nf3 {[%emt 0:00:01]} d5 {[%emt 0:00:01]} 2. g3 {[%emt 0:00:01]} g6 {[%emt 0:00:01]} 3. Bg2 {[%emt 0:00:01]} Bg7 {[%emt 0:00:01]} 4. O-O {[%emt 0:00:01]} e5 {[%emt 0:00:01]} 5. c4 {[%emt 0:00:01]} d4 {[%emt 0:00:01]} 6. e3 {[%emt 0:00:01]} Ne7 {[%emt 0:00:01]} 7. exd4 {[%emt 0:00:01]} exd4 {[%emt 0:00:01]} 8. Re1 {[%emt 0:00:01]} c5 {[%emt 0:00:01]} 9. d3 {[%emt 0:00:05]} O-O {[%emt 0:00:01]} 10. Bf4 {[%emt 0:00:02]} h6 {[%emt 0:00:01]} 11. Qa4 {[%emt 0:00:04]} Bf5 {[%emt 0:00:09]} 12. Nh4 {[%emt 0:00:03]} Bc8 {[%emt 0:00:04]} 13. Qb5 {[%emt 0:00:03]} Nd7 {[%emt 0:00:03]} 14. Bd6 {[%emt 0:00:03]} Re8 {[%emt 0:00:03]} 15. Bxb7 {[%emt 0:00:03]} Bxb7 {[%emt 0:00:03]} 16. Qxb7 {[%emt 0:00:00]} Bf6 {[%emt 0:00:03]} 17. b4 {[%emt 0:00:03]} Qc8 {[%emt 0:00:02]} 18. Qf3 {[%emt 0:00:03]} Qc6 {[%emt 0:00:02]} 19. bxc5 {[%emt 0:00:02]} Bxh4 {[%emt 0:00:03]} 20. Qxc6 {[%emt 0:00:01]} Nxc6 {[%emt 0:00:01]} 21. Rxe8+ {[%emt 0:00:01]} Rxe8 {[%emt 0:00:01]} 22. gxh4 {[%emt 0:00:01]} Re2 {[%emt 0:00:02]} 23. h5 {[%emt 0:00:03]} Re1+ {[%emt 0:00:02]} 24. Kg2 {[%emt 0:00:00]} a5 {[%emt 0:00:02]} 25. h4 {[%emt 0:00:02]} a4 {[%emt 0:00:01]} 26. f4 {[%emt 0:00:02]} Rc1 {[%emt 0:00:01]} 27. a3 {[%emt 0:00:02]} Nf6 {[%emt 0:00:01]} 28. hxg6 {[%emt 0:00:01]} fxg6 {[%emt 0:00:00]} 29. h5 {[%emt 0:00:02]} Nxh5 {[%emt 0:00:01]} 30. Kf3 {[%emt 0:00:01]} Kf7 {[%emt 0:00:02]} 31. Kf2 {[%emt 0:00:01]} Nf6 {[%emt 0:00:01]} 32. Kf3 {[%emt 0:00:01]} h5 {[%emt 0:00:01]} 33. f5 {[%emt 0:00:00]} gxf5 {[%emt 0:00:01]} 34. Kf4 {[%emt 0:00:00]} Kg6 {[%emt 0:00:01]} 35. Bc7 {[%emt 0:00:00]} h4 {[%emt 0:00:01]} 36. Kf3 {[%emt 0:00:00]} h3 {[%emt 0:00:01]} 37. Kg3 {[%emt 0:00:00]} Rd1 {[%emt 0:00:01]} 38. Kxh3 {[%emt 0:00:00]} Rxd3+ {[%emt 0:00:01]} 39. Kg2 {[%emt 0:00:00]} Kf7 {[%emt 0:00:00]} 40. Ra2 {[%emt 0:00:00]} Ng4 {[%emt 0:00:01]} 41. Bg3 {[%emt 0:00:00]} Kf6 {[%emt 0:00:01] '} 42. Rf2 {[%emt 0:00:00] (Lag: Av=0.06s, max=0.4s)} 1-0

[Event "Test Tournament"]
[Site "Emanuel Lasker Arena"]
[Date "2024.04.09"]
[Round "2"]
[White "Karpovs Shadow"]
[Black "Endspielexperte"]
[Result "0-1"]
[WhiteElo "1620"]
[BlackElo "1620"]
[Annotator "NA RC"]
[PlyCount "92"]
[EventDate "2024.04.09"]
[EventType "swiss (blitz)"]
[TimeControl "60"]

1. Nf3 {[%emt 0:00:01]} d5 {[%emt 0:00:01]} 2. g3 {[%emt 0:00:01]} g6 {[%emt 0:00:01]} 3. Bg2 {[%emt 0:00:01]} Bg7 {[%emt 0:00:01]} 4. d4 {[%emt 0:00:01]} Nf6 {[%emt 0:00:01]} 5. O-O {[%emt 0:00:01]} O-O {[%emt 0:00:01]} 6. c4 {[%emt 0:00:02]} c6 {[%emt 0:00:01]} 7. Qb3 {[%emt 0:00:01]} dxc4 {[%emt 0:00:01]} 8. Qxc4 {[%emt 0:00:01]} Be6 {[%emt 0:00:01]} 9. Qc2 {[%emt 0:00:01]} Bf5 {[%emt 0:00:01]} 10. Qb3 {[%emt 0:00:01]} Qb6 {[%emt 0:00:01]} 11. Nc3 {[%emt 0:00:01]} Qxb3 {[%emt 0:00:01]} 12. axb3 {[%emt 0:00:01]} Nbd7 {[%emt 0:00:04]} 13. Re1 {[%emt 0:00:02]} Bc2 {[%emt 0:00:03]} 14. e4 {[%emt 0:00:04]} a5 {[%emt 0:00:01]} 15. e5 {[%emt 0:00:04]} Nd5 {[%emt 0:00:04]} 16. Bd2 {[%emt 0:00:03]} e6 {[%emt 0:00:01]} 17. Nxd5 {[%emt 0:00:03]} cxd5 {[%emt 0:00:01]} 18. Rxa5 {[%emt 0:00:01]} Rxa5 {[%emt 0:00:01]} 19. Bxa5 {[%emt 0:00:01]} Bxb3 {[%emt 0:00:01]} 20. Ng5 {[%emt 0:00:03]} Rc8 {[%emt 0:00:02]} 21. f4 {[%emt 0:00:03]} Rc2 {[%emt 0:00:03]} 22. Rb1 {[%emt 0:00:02]} Ba2 {[%emt 0:00:03]} 23. Ra1 {[%emt 0:00:03]} Rxb2 {[%emt 0:00:01]} 24. Bc7 {[%emt 0:00:02]} b5 {[%emt 0:00:03]} 25. Bd6 {[%emt 0:00:02]} b4 {[%emt 0:00:02]} 26. Bf1 {[%emt 0:00:02]} b3 {[%emt 0:00:02]} 27. Bb5 {[%emt 0:00:02]} Rc2 {[%emt 0:00:02]} 28. Bxd7 {[%emt 0:00:01]} b2 {[%emt 0:00:01]} 29. Rf1 {[%emt 0:00:01]} Rc1 {[%emt 0:00:03]} 30. Nxe6 {[%emt 0:00:01]} Rxf1+ {[%emt 0:00:01]} 31. Kxf1 {[%emt 0:00:01]} b1=Q+ {[%emt 0:00:01]} 32. Kg2 {[%emt 0:00:01]} Qc2+ {[%emt 0:00:02]} 33. Kh3 {[%emt 0:00:01]} Bh8 {[%emt 0:00:02]} 34. Nc7 {[%emt 0:00:02]} Bg7 {[%emt 0:00:01]} 35. f5 {[%emt 0:00:01]} gxf5 {[%emt 0:00:01]} 36. Ne8 {[%emt 0:00:00]} Bf8 {[%emt 0:00:02]} 37. Nf6+ {[%emt 0:00:00]} Kh8 {[%emt 0:00:00]} 38. Bxf8 {[%emt 0:00:00]} Bc4 {[%emt 0:00:00]} 39. Bc6 {[%emt 0:00:01]} f4 {[%emt 0:00:01]} 40. Nxd5 {[%emt 0:00:01]} Bxd5 {[%emt 0:00:01]} 41. Bxd5 {[%emt 0:00:00]} fxg3 {[%emt 0:00:01]} 42. Kxg3 {[%emt 0:00:01]} Qd3+ {[%emt 0:00:01]} 43. Bf3 {[%emt 0:00:01]} Qxd4 {[%emt 0:00:00]} 44. Bc5 {[%emt 0:00:00]} Qxe5+ {[%emt 0:00:00]} 45. Kg2 {[%emt 0:00:01]} Qxc5 {[%emt 0:00:00]} 46. Be4 {[%emt 0:00:00] .} Qd6 {[%emt 0:00:01]} 0-1

[Event "Test Tournament"]
[Site "Emanuel Lasker Arena"]
[Date "2024.04.09"]
[Round "2"]
[White "Karpovs Shadow"]
[Black "Lord Grantham"]
[Result "1-0"]
[WhiteElo "1620"]
[BlackElo "1620"]
[Annotator "NA RC"]
[PlyCount "101"]
[EventDate "2024.04.09"]
[EventType "swiss (blitz)"]
[TimeControl "60"]

1. c4 {[%emt 0:00:01]} e5 {[%emt 0:00:01]} 2. g3 {[%emt 0:00:01]} Nc6 {[%emt 0:00:01]} 3. Bg2 {[%emt 0:00:01]} g6 {[%emt 0:00:01]} 4. Nc3 {[%emt 0:00:01]} Bg7 {[%emt 0:00:01]} 5. Rb1 {[%emt 0:00:01]} a5 {[%emt 0:00:01]} 6. d3 {[%emt 0:00:05]} d6 {[%emt 0:00:01]} 7. a3 {[%emt 0:00:04]} Nf6 {[%emt 0:00:01]} 8. Nf3 {[%emt 0:00:01]} O-O {[%emt 0:00:01]} 9. b4 {[%emt 0:00:03]} d5 {[%emt 0:00:01]} 10. b5 {[%emt 0:00:01]} e4 {[%emt 0:00:01]} 11. dxe4 {[%emt 0:00:03]} Nxe4 {[%emt 0:00:01]} 12. Nxe4 {[%emt 0:00:01]} dxe4 {[%emt 0:00:01]} 13. bxc6 {[%emt 0:00:01]} Qxd1+ {[%emt 0:00:01]} 14. Kxd1 {[%emt 0:00:01]} exf3 {[%emt 0:00:01]} 15. cxb7 {[%emt 0:00:01]} Bxb7 {[%emt 0:00:01]} 16. Bxf3 {[%emt 0:00:01]} Bxf3 {[%emt 0:00:01]} 17. exf3 {[%emt 0:00:01]} a4 {[%emt 0:00:01]} 18. Rb7 {[%emt 0:00:06]} c5 {[%emt 0:00:04]} 19. Bf4 {[%emt 0:00:02]} Bd4 {[%emt 0:00:03]} 20. Ke2 {[%emt 0:00:01]} h5 {[%emt 0:00:03]} 21. Rd1 {[%emt 0:00:02]} Rfe8+ {[%emt 0:00:03]} 22. Kf1 {[%emt 0:00:02]} Ra5 {[%emt 0:00:03]} 23. h4 {[%emt 0:00:02]} Re6 {[%emt 0:00:03]} 24. Rd3 {[%emt 0:00:02]} Kg7 {[%emt 0:00:03]} 25. Bg5 {[%emt 0:00:02]} Ra8 {[%emt 0:00:02]} 26. Be3 {[%emt 0:00:01]} Rd8 {[%emt 0:00:02]} 27. Ra7 {[%emt 0:00:02]} Red6 {[%emt 0:00:02]} 28. Bg5 {[%emt 0:00:01]} Rg8 {[%emt 0:00:02]} 29. Bf4 {[%emt 0:00:02]} Rf6 {[%emt 0:00:02]} 30. Kg2 {[%emt 0:00:01]} Re8 {[%emt 0:00:01]} 31. Rxa4 {[%emt 0:00:00]} Re1 {[%emt 0:00:01]} 32. Ra7 {[%emt 0:00:01]} Rb6 {[%emt 0:00:01]} 33. a4 {[%emt 0:00:01]} Rb2 {[%emt 0:00:01]} 34. Rd2 {[%emt 0:00:01]} Bc3 {[%emt 0:00:02]} 35. Rdd7 {[%emt 0:00:01]} Bd4 {[%emt 0:00:01]} 36. Rxf7+ {[%emt 0:00:01]} Kg8 {[%emt 0:00:00]} 37. Kh3 {[%emt 0:00:00]} Rxf2 {[%emt 0:00:00]} 38. g4 {[%emt 0:00:00]} Rxf3+ {[%emt 0:00:00]} 39. Bg3 {[%emt 0:00:00]} Rxf7 {[%emt 0:00:00]} 40. Bxe1 {[%emt 0:00:00]} Rxa7 {[%emt 0:00:00]} 41. gxh5 {[%emt 0:00:00]} gxh5 {[%emt 0:00:00]} 42. a5 {[%emt 0:00:00]} Ra6 {[%emt 0:00:01]} 43. Kg2 {[%emt 0:00:00]} Kf7 {[%emt 0:00:00]} 44. Kf3 {[%emt 0:00:00]} Ke7 {[%emt 0:00:00]} 45. Kf4 {[%emt 0:00:01]} Kd8 {[%emt 0:00:01]} 46. Kg5 {[%emt 0:00:00]} Re6 {[%emt 0:00:01]} 47. Kxh5 {[%emt 0:00:00]} Rxe1 {[%emt 0:00:00]} 48. a6 {[%emt 0:00:00]} Ra1 {[%emt 0:00:00]} 49. Kh6 {[%emt 0:00:00]} Rxa6+ {[%emt 0:00:00]} 50. Kh7 {[%emt 0:00:01]} Ke8 {[%emt 0:00:00] '} 51. h5 {[%emt 0:00:00] (Lag: Av=0.07s, max=0.6s)} 1-0

[Event "Test Tournament"]
[Site "Emanuel Lasker Arena"]
[Date "2024.04.09"]
[Round "2"]
[White "Klaus Junge"]
[Black "Local Hero"]
[Result "1-0"]
[WhiteElo "1620"]
[BlackElo "1985"]
[Annotator "RC"]
[PlyCount "35"]
[EventDate "2024.04.09"]
[EventType "swiss (blitz)"]
[TimeControl "60"]

1. e4 {[%emt 0:00:01]} Nf6 {[%emt 0:00:01]} 2. e5 {[%emt 0:00:01]} Nd5 {[%emt 0:00:01]} 3. d4 {[%emt 0:00:01]} d6 {[%emt 0:00:01]} 4. c4 {[%emt 0:00:01]} Nb6 {[%emt 0:00:01]} 5. f4 {[%emt 0:00:01]} dxe5 {[%emt 0:00:01]} 6. fxe5 {[%emt 0:00:01]} Bf5 {[%emt 0:00:01]} 7. Nc3 {[%emt 0:00:01]} Nc6 {[%emt 0:00:01]} 8. g4 {[%emt 0:00:01]} a5 {[%emt 0:00:01]} 9. gxf5 {[%emt 0:00:02]} Nxd4 {[%emt 0:00:01]} 10. c5 {[%emt 0:00:02]} Qd7 {[%emt 0:00:02]} 11. cxb6 {[%emt 0:00:01]} O-O-O {[%emt 0:00:04]} 12. Nb5 {[%emt 0:00:04]} c5 {[%emt 0:00:01]} 13. Nf3 {[%emt 0:00:01]} Qxf5 {[%emt 0:00:04]} 14. Nbxd4 {[%emt 0:00:01]} cxd4 {[%emt 0:00:01]} 15. Bd3 {[%emt 0:00:04]} Qe6 {[%emt 0:00:02]} 16. Qc2+ {[%emt 0:00:03]} Qc6 {[%emt 0:00:01]} 17. Qxc6+ {[%emt 0:00:01]} bxc6 {[%emt 0:00:01]} 18. Ba6+ {[%emt 0:00:03] Local Hero resigns (Lag: Av=0.09s, max=0.5s)} 1-0

[Event "Test Tournament"]
[Site "Emanuel Lasker Arena"]
[Date "2024.04.09"]
[Round "2"]
[White "Klaus Junge"]
[Black "Chartwell"]
[Result "1-0"]
[WhiteElo "1620"]
[BlackElo "2149"]
[Annotator "RC"]
[PlyCount "87"]
[EventDate "2024.04.09"]
[EventType "swiss (blitz)"]
[TimeControl "60"]

1. e4 {[%emt 0:00:01]} e5 {[%emt 0:00:01]} 2. Nf3 {[%emt 0:00:01]} Nc6 {[%emt 0:00:01]} 3. Bb5 {[%emt 0:00:01]} a6 {[%emt 0:00:01]} 4. Ba4 {[%emt 0:00:01]} Nf6 {[%emt 0:00:01]} 5. O-O {[%emt 0:00:01]} Be7 {[%emt 0:00:01]} 6. Re1 {[%emt 0:00:01]} b5 {[%emt 0:00:01]} 7. Bb3 {[%emt 0:00:01]} O-O {[%emt 0:00:01]} 8. c3 {[%emt 0:00:01]} d6 {[%emt 0:00:01]} 9. h3 {[%emt 0:00:01]} Na5 {[%emt 0:00:01]} 10. Bc2 {[%emt 0:00:01]} c5 {[%emt 0:00:01]} 11. d4 {[%emt 0:00:01]} Qc7 {[%emt 0:00:01]} 12. d5 {[%emt 0:00:01]} Bd7 {[%emt 0:00:01]} 13. b3 {[%emt 0:00:01]} Nb7 {[%emt 0:00:01]} 14. c4 {[%emt 0:00:01]} Bd8 {[%emt 0:00:04]} 15. Nbd2 {[%emt 0:00:01]} Na5 {[%emt 0:00:03]} 16. Qe2 {[%emt 0:00:02]} Re8 {[%emt 0:00:05]} 17. Nf1 {[%emt 0:00:03]} b4 {[%emt 0:00:03]} 18. Ng5 {[%emt 0:00:04]} g6 {[%emt 0:00:03]} 19. Qf3 {[%emt 0:00:03]} Be7 {[%emt 0:00:03]} 20. g4 {[%emt 0:00:03]} Rf8 {[%emt 0:00:02]} 21. a4 {[%emt 0:00:03]} h6 {[%emt 0:00:02]} 22. Ne6 {[%emt 0:00:02]} fxe6 {[%emt 0:00:01]} 23. Bxh6 {[%emt 0:00:01]} Nxd5 {[%emt 0:00:02]} 24. Qg3 {[%emt 0:00:01]} Nf4 {[%emt 0:00:01]} 25. h4 {[%emt 0:00:02]} Kh7 {[%emt 0:00:02]} 26. g5 {[%emt 0:00:02]} Rf7 {[%emt 0:00:02]} 27. h5 {[%emt 0:00:02]} Rh8 {[%emt 0:00:02]} 28. Qh4 {[%emt 0:00:02]} Bc6 {[%emt 0:00:01]} 29. hxg6+ {[%emt 0:00:01]} Kxg6 {[%emt 0:00:01]} 30. Ne3 {[%emt 0:00:02]} Nxb3 {[%emt 0:00:02]} 31. Bxb3 {[%emt 0:00:01]} Bxe4 {[%emt 0:00:01]} 32. Ng4 {[%emt 0:00:02]} Qc6 {[%emt 0:00:01]} 33. a5 {[%emt 0:00:01]} Bd3 {[%emt 0:00:01]} 34. Qg3 {[%emt 0:00:01]} Rf5 {[%emt 0:00:01]} 35. Nf6 {[%emt 0:00:01]} Bxf6 {[%emt 0:00:01]} 36. gxf6+ {[%emt 0:00:01]} Kxh6 {[%emt 0:00:01]} 37. Qg7+ {[%emt 0:00:01]} Kh5 {[%emt 0:00:01]} 38. Bd1+ {[%emt 0:00:00]} Be2 {[%emt 0:00:00]} 39. Rxe2 {[%emt 0:00:00]} Nxe2+ {[%emt 0:00:01]} 40. Bxe2+ {[%emt 0:00:00]} Rf3 {[%emt 0:00:00]} 41. Qxh8+ {[%emt 0:00:01]} Kg5 {[%emt 0:00:00]} 42. Qg7+ {[%emt 0:00:01]} Kh4 {[%emt 0:00:01]} 43. Ra3 {[%emt 0:00:01]} Rxa3 {[%emt 0:00:00]} 44. Qg4# {[%emt 0:00:00] (Lag: Av=0.08s, max=0.7s)} 1-0

[Event "Test Tournament"]
[Site "Emanuel Lasker Arena"]
[Date "2024.04.09"]
[Round "2"]
[White "Knightess"]
[Black "Mrs Florrick"]
[Result "0-1"]
[WhiteElo "1620"]
[BlackElo "1780"]
[Annotator "NA RC"]
[PlyCount "64"]
[EventDate "2024.04.09"]
[EventType "swiss (blitz)"]
[TimeControl "60"]

1. d4 {[%emt 0:00:02]} Nf6 {[%emt 0:00:01]} 2. Nc3 {[%emt 0:00:01]} d5 {[%emt 0:00:01]} 3. Bg5 {[%emt 0:00:01]} e6 {[%emt 0:00:01]} 4. e4 {[%emt 0:00:01]} dxe4 {[%emt 0:00:01]} 5. Nxe4 {[%emt 0:00:01]} Be7 {[%emt 0:00:01]} 6. Bxf6 {[%emt 0:00:01]} gxf6 {[%emt 0:00:01]} 7. Bb5+ {[%emt 0:00:01]} c6 {[%emt 0:00:01]} 8. Be2 {[%emt 0:00:04]} Qd5 {[%emt 0:00:04]} 9. Bf3 {[%emt 0:00:05]} f5 {[%emt 0:00:02]} 10. c4 {[%emt 0:00:10]} Qxc4 {[%emt 0:00:02]} 11. Be2 {[%emt 0:00:03]} Qd5 {[%emt 0:00:04]} 12. Nc5 {[%emt 0:00:04]} Qxg2 {[%emt 0:00:01]} 13. Bf3 {[%emt 0:00:02]} Nd7 {[%emt 0:00:09]} 14. Bxg2 {[%emt 0:00:01]} Nxc5 {[%emt 0:00:01]} 15. dxc5 {[%emt 0:00:01]} Bxc5 {[%emt 0:00:01]} 16. f4 {[%emt 0:00:02]} Rg8 {[%emt 0:00:02]} 17. Bf3 {[%emt 0:00:02]} Bxg1 {[%emt 0:00:01]} 18. Qd6 {[%emt 0:00:03]} Be3 {[%emt 0:00:03]} 19. Rd1 {[%emt 0:00:01]} Bb6 {[%emt 0:00:02]} 20. Bxc6+ {[%emt 0:00:01]} bxc6 {[%emt 0:00:01]} 21. Qxc6+ {[%emt 0:00:01]} Ke7 {[%emt 0:00:01]} 22. Qxa8 {[%emt 0:00:01]} Be3 {[%emt 0:00:02]} 23. Qc6 {[%emt 0:00:01]} Bxf4 {[%emt 0:00:01]} 24. Rd4 {[%emt 0:00:02]} Be3 {[%emt 0:00:02]} 25. Qc7+ {[%emt 0:00:02]} Kf6 {[%emt 0:00:01]} 26. Re4 {[%emt 0:00:02]} fxe4 {[%emt 0:00:01]} 27. Qc2 {[%emt 0:00:01]} a5 {[%emt 0:00:01]} 28. Qc3+ {[%emt 0:00:01]} Ke7 {[%emt 0:00:01]} 29. Qxe3 {[%emt 0:00:00]} Rg2 {[%emt 0:00:01]} 30. Qd4 {[%emt 0:00:01]} Bd7 {[%emt 0:00:01]} 31. Rf1 {[%emt 0:00:01]} Rxh2 {[%emt 0:00:01]} 32. Rf2 {[%emt 0:00:01] .} Rxf2 {[%emt 0:00:01]} 0-1

[Event "Test Tournament"]
[Site "Emanuel Lasker Arena"]
[Date "2024.04.09"]
[Round "2"]
[White "Melancholia"]
[Black "Sunset"]
[Result "0-1"]
[WhiteElo "1620"]
[BlackElo "1878"]
[Annotator "NA RC"]
[PlyCount "36"]
[EventDate "2024.04.09"]
[EventType "swiss (blitz)"]
[TimeControl "60"]

1. d4 {[%emt 0:00:01]} Nf6 {[%emt 0:00:01]} 2. c4 {[%emt 0:00:01]} e6 {[%emt 0:00:01]} 3. Nf3 {[%emt 0:00:01]} d5 {[%emt 0:00:01]} 4. Nc3 {[%emt 0:00:01]} Be7 {[%emt 0:00:01]} 5. Bg5 {[%emt 0:00:01]} h6 {[%emt 0:00:01]} 6. Qa4+ {[%emt 0:00:01]} Bd7 {[%emt 0:00:01]} 7. Qb3 {[%emt 0:00:01]} hxg5 {[%emt 0:00:01]} 8. Qxb7 {[%emt 0:00:01]} Nc6 {[%emt 0:00:04]} 9. O-O-O {[%emt 0:00:01]} Na5 {[%emt 0:00:04]} 10. h4 {[%emt 0:00:02]} Nxb7 {[%emt 0:00:02]} 11. Nxg5 {[%emt 0:00:01]} Ng4 {[%emt 0:00:01]} 12. f4 {[%emt 0:00:08]} Nf2 {[%emt 0:00:03]} 13. cxd5 {[%emt 0:00:04]} Nxd1 {[%emt 0:00:01]} 14. Kxd1 {[%emt 0:00:01]} Bxg5 {[%emt 0:00:01]} 15. hxg5 {[%emt 0:00:01]} Rxh1 {[%emt 0:00:01]} 16. dxe6 {[%emt 0:00:03]} Rxf1+ {[%emt 0:00:01]} 17. Kc2 {[%emt 0:00:01]} Bxe6 {[%emt 0:00:01]} 18. d5 {[%emt 0:00:03]} Bd7 {[%emt 0:00:01] Melancholia resigns (Lag: Av=0.06s, max=0.2s)} 0-1

[Event "Test Tournament"]
[Site "Emanuel Lasker Arena"]
[Date "2024.04.09"]
[Round "2"]
[White "Melancholia"]
[Black "AlphaHero"]
[Result "0-1"]
[WhiteElo "1620"]
[BlackElo "2021"]
[Annotator "RC"]
[PlyCount "44"]
[EventDate "2024.04.09"]
[EventType "swiss (blitz)"]
[TimeControl "60"]

1. e4 {[%emt 0:00:01]} e5 {[%emt 0:00:01]} 2. Nf3 {[%emt 0:00:02]} Nc6 {[%emt 0:00:01]} 3. Bb5 {[%emt 0:00:01]} Nf6 {[%emt 0:00:01]} 4. O-O {[%emt 0:00:01]} Nxe4 {[%emt 0:00:01]} 5. d4 {[%emt 0:00:01]} Be7 {[%emt 0:00:01]} 6. Qe2 {[%emt 0:00:01]} Nd6 {[%emt 0:00:01]} 7. Nxe5 {[%emt 0:00:12]} Nxd4 {[%emt 0:00:00]} 8. Qg4 {[%emt 0:00:01]} N4xb5 {[%emt 0:00:01]} 9. Qxg7 {[%emt 0:00:01]} Bf6 {[%emt 0:00:01]} 10. Qg3 {[%emt 0:00:03]} Nd4 {[%emt 0:00:05]} 11. Nc3 {[%emt 0:00:03]} Nxc2 {[%emt 0:00:01]} 12. Ng4 {[%emt 0:00:03]} h5 {[%emt 0:00:01]} 13. Nxf6+ {[%emt 0:00:01]} Qxf6 {[%emt 0:00:01]} 14. Nd5 {[%emt 0:00:03]} Qd4 {[%emt 0:00:04]} 15. Nxc7+ {[%emt 0:00:01]} Kf8 {[%emt 0:00:01]} 16. Nxa8 {[%emt 0:00:01]} Ne4 {[%emt 0:00:04]} 17. Qf3 {[%emt 0:00:02]} d5 {[%emt 0:00:01]} 18. Nc7 {[%emt 0:00:03]} Bg4 {[%emt 0:00:01]} 19. Bf4 {[%emt 0:00:02]} Bxf3 {[%emt 0:00:01]} 20. gxf3 {[%emt 0:00:01]} Rg8+ {[%emt 0:00:03]} 21. Kh1 {[%emt 0:00:01]} Nxa1 {[%emt 0:00:01]} 22. Rxa1 {[%emt 0:00:01]} Nxf2# {[%emt 0:00:02] (Lag: Av=0.07s, max=0.5s)} 0-1

[Event "Test Tournament"]
[Site "Emanuel Lasker Arena"]
[Date "2024.04.02"]
[Round "2"]
[White "MikhailBerg"]
[Black "BobFuscher"]
[Result "1-0"]
[WhiteElo "1620"]
[BlackElo "2255"]
[Annotator "RC"]
[PlyCount "91"]
[EventDate "2024.04.02"]
[EventType "swiss (blitz)"]

1. e4 {[%emt 0:00:01]} e5 {[%emt 0:00:01]} 2. Nf3 {[%emt 0:00:01]} Nc6 {[%emt 0:00:01]} 3. Bb5 {[%emt 0:00:01]} a6 {[%emt 0:00:01]} 4. Ba4 {[%emt 0:00:01]} Nf6 {[%emt 0:00:01]} 5. O-O {[%emt 0:00:01]} b5 {[%emt 0:00:01]} 6. Bb3 {[%emt 0:00:01]} Nxe4 {[%emt 0:00:01]} 7. d4 {[%emt 0:00:01]} d5 {[%emt 0:00:03]} 8. dxe5 {[%emt 0:00:01]} Be6 {[%emt 0:00:01]} 9. Nbd2 {[%emt 0:00:01]} Nc5 {[%emt 0:00:01]} 10. c3 {[%emt 0:00:01]} Be7 {[%emt 0:00:01]} 11. Bc2 {[%emt 0:00:01]} d4 {[%emt 0:00:01]} 12. Nb3 {[%emt 0:00:01]} d3 {[%emt 0:00:01]} 13. Bb1 {[%emt 0:00:01]} Nxb3 {[%emt 0:00:02]} 14. axb3 {[%emt 0:00:00]} Bf5 {[%emt 0:00:01]} 15. Be3 {[%emt 0:00:01]} O-O {[%emt 0:00:02]} 16. b4 {[%emt 0:00:05]} a5 {[%emt 0:00:03]} 17. Re1 {[%emt 0:00:08]} Qd5 {[%emt 0:00:01]} 18. Ba2 {[%emt 0:00:01]} Qe4 {[%emt 0:00:02]} 19. Bg5 {[%emt 0:00:05]} Qg4 {[%emt 0:00:01]} 20. Bxe7 {[%emt 0:00:00]} Nxe7 {[%emt 0:00:00]} 21. h3 {[%emt 0:00:01]} Qg6 {[%emt 0:00:02]} 22. bxa5 {[%emt 0:00:00]} Bxh3 {[%emt 0:00:00]} 23. Nh4 {[%emt 0:00:01]} Qg5 {[%emt 0:00:02]} 24. Re3 {[%emt 0:00:01]} Bg4 {[%emt 0:00:01]} 25. Rg3 {[%emt 0:00:02]} h5 {[%emt 0:00:01]} 26. Nf3 {[%emt 0:00:01]} Qg6 {[%emt 0:00:01]} 27. Qd2 {[%emt 0:00:01]} Rxa5 {[%emt 0:00:01]} 28. Bxf7+ {[%emt 0:00:01]} Qxf7 {[%emt 0:00:01]} 29. Rxa5 {[%emt 0:00:00]} Qd5 {[%emt 0:00:02]} 30. Nd4 {[%emt 0:00:01]} c5 {[%emt 0:00:02]} 31. Rxb5 {[%emt 0:00:01]} Ng6 {[%emt 0:00:01]} 32. e6 {[%emt 0:00:01]} Ne5 {[%emt 0:00:02]} 33. Qg5 {[%emt 0:00:01]} Qe4 {[%emt 0:00:01]} 34. e7 {[%emt 0:00:01]} Re8 {[%emt 0:00:02]} 35. Rxc5 {[%emt 0:00:01]} Qe1+ {[%emt 0:00:02]} 36. Kh2 {[%emt 0:00:01]} Nf7 {[%emt 0:00:01]} 37. Qg6 {[%emt 0:00:01]} Rxe7 {[%emt 0:00:01]} 38. Rxh5 {[%emt 0:00:00]} Ne5 {[%emt 0:00:01]} 39. Rxe5 {[%emt 0:00:01]} Qxe5 {[%emt 0:00:01]} 40. Qxg4 {[%emt 0:00:01]} d2 {[%emt 0:00:01]} 41. f4 {[%emt 0:00:01]} Qe1 {[%emt 0:00:02]} 42. Rd3 {[%emt 0:00:01]} Re4 {[%emt 0:00:01]} 43. Nf5 {[%emt 0:00:01]} g6 {[%emt 0:00:01]} 44. Qxg6+ {[%emt 0:00:01]} Kf8 {[%emt 0:00:01]} 45. Qg7+ {[%emt 0:00:01]} Ke8 {[%emt 0:00:01]} 46. Qg8# {[%emt 0:00:01]} 1-0